|
|
|
|
| LEADER |
00000nam a2200000 i 4500 |
| 001 |
in00000000915 |
| 005 |
20251126075725.2 |
| 002 |
526849/С82-938898 |
| 008 |
080218s2007 unr l000 0yukr d |
| 020 |
|
|
|a 9660242190
|c 24.56 грн
|
| 035 |
|
|
|a ( UA-KiNSAL)526849/С82-938898
|
| 040 |
|
|
|a UA-KiNSAL
|b ukr
|c UA-KiNSAL
|
| 080 |
|
|
|a 332.135(477)
|
| 090 |
|
|
|a 332.135(477)
|b С82
|
| 100 |
1 |
|
|a Сторонянська, І.
|q (Ірина),
|e автор.
|
| 245 |
1 |
0 |
|a Міжрегіональна інтеграція в Україні :
|b монографія /
|c І. Сторонянська, С. Шульц ; редкол. : М. І. Долішній [та ін]; Нац. акад. наук України, Ін-т регіональний досліджень
|
| 260 |
|
|
|a Львів :
|b Арал,
|c 2007
|
| 300 |
|
|
|a 296с.
|
| 504 |
|
|
|a Бібліогр.: с. 258-274
|
| 530 |
|
|
|a Original record
|u https://kubg.libs.net.ua/kubg_recs/0000020281.txt
|
| 650 |
0 |
4 |
|a Регіональна економіка
|
| 700 |
1 |
|
|a Шульц, С.
|q Світлана
|e автор
|
| 700 |
1 |
|
|a Долішній, М.І.
|e ред.
|
| 710 |
2 |
1 |
|a Нац. акад. наук України21
|a Ін-т регіональний досліджень
|
| 942 |
|
|
|2 UDC
|c BK
|
| 952 |
|
|
|b книга
|z 20080218
|i 526849
|j 526849/С82-938898
|o 332.135(477) С82
|a 5
|g 24.56
|c 1
|
| 920 |
|
|
|a PAZK
|
| 961 |
|
|
|a 691
|
| 991 |
0 |
0 |
|a 526849/С82-938898
|
| 997 |
|
|
|a 0000020281
|
| 998 |
|
|
|a 20281
|
| 999 |
f |
f |
|i b048794e-6905-4340-a5bf-9ddc8f7169fa
|s 15f55026-9564-4d51-9e46-91e775bc3561
|t 0
|